| 000 | 005480000a22002050004500 | ||
|---|---|---|---|
| 003 | LK-CoMWRAF | ||
| 005 | 20231026235502.0 | ||
| 008 | 230817t ||||| |||| 00| 0 eng d | ||
| 020 | _a0860371226 | ||
| 040 |
_aLK-CoMWRAF _dLK-CoMWRAF _eLK-CoMWRAF |
||
| 041 | _aeng | ||
| 082 |
_a297.44 _bMUR |
||
| 100 | _aMurad, Khurram | ||
| 245 | _aLove at home | ||
| 260 |
_aU.K. : _bThe Islamic foundation, _c1983 |
||
| 300 | _a48p | ||
| 650 | _aFamily -- Religious life (Islam) -- Juvenile literature | ||
| 650 | _aFamilies Islamic life | ||
| 942 | _cBK | ||
| 999 |
_c1921 _d1921 |
||